00410nam a2200145Ia 4500100001900000942000700019654001800026245004900044260002600093082001500119300000800134546001200142999001700154952009300171 aBakir/Qurashi  cBK ainternational aInternational Conference on Personnal wire bIEEEaNew Delhic1997 a384.5bBAK a540 aENGLISH c27143d27143 001040708CRCaCRCEbCRCEd2023-03-17l0o384.5 BAKp10219r2023-03-17w2023-03-17yBK